| 000 | 00482nam a2200193Ia 4500 | ||
|---|---|---|---|
| 008 | 170203s9999 xx 000 0 und d | ||
| 020 | _a9789719364344 | ||
| 050 | _a378.166 | ||
| 050 | _b.C697 2011 | ||
| 245 | _aCollege Entrance Test Reviewer : | ||
| 245 | _bMathematics / | ||
| 245 | _cLoyola Student Center. | ||
| 260 | _aQuezon City : | ||
| 260 | _bLoyola Heights Student Center | ||
| 260 | _c2011 | ||
| 300 | _a98 pages : | ||
| 300 | _c27 cm. | ||
| 440 | _vvolume 1. | ||
| 999 |
_c305449 _d305449 |
||